00778nam a2200169 a 450000100100000000500170001000800410002704000250006808200140009324500980010724600520020526000510025730000200030850500730032895201900040199900170059100004620320201002052714.0150706s19uu dr 000 0 spa d aDO-SdBNPbspacBNPHU axxxbH11700aHacia la tercera sesión del 2do. congreso :bBloque Socialista, el camino es el socialismo.13aBloque Socialista :bel camino es el socialismo a[Santo Domingo] :bBloque Socialista,c[198?]. a26 p. ;c21 cm. av. 1 : Criticas a nuestras práciticas y concepciones organizativas 0010718PDaPDbPDcHDd2015-07-06iLF1l0oxxx H117p46203-10r2020-06-25w2020-06-25yLFPDzPerteneció a la biblioteca personal de Chiqui Vicioso / Fidelio Despradel.ZNo se presta c45692d45692